Primer mensaje a la América Hispana / (Record no. 65034)

MARC details
000 -LEADER
campo de control de longitud fija 00875nam a2200229 i 4500
001 - NÚMERO DE CONTROL
campo de control 65034
003 - IDENTIFICADOR DE NÚMERO DE CONTROL
campo de control ES-MaACL
005 - FECHA Y HORA DE LA ÚLTIMA TRANSACCIÓN
campo de control 20250728051241.0
007 - CAMPO FIJO DE DESCRIPCIÓN FÍSICA--INFORMACIÓN GENERAL
campo de control de longitud fija t|
008 - DATOS DE LONGITUD FIJA--INFORMACIÓN GENERAL
campo de control de longitud fija 040108q1930 sp |||| | spa d
100 1# - ENTRADA PRINCIPAL--NOMBRE DE PERSONA
Nombre de persona Frank, Waldo.
9 (RLIN) 52316
245 10 - MENCIÓN DEL TÍTULO
Título Primer mensaje a la América Hispana /
Mención de responsabilidad, etc. Waldo Frank.
260 ## - PUBLICACIÓN, DISTRIBUCIÓN, ETC.
Lugar de publicación, distribución, etc. Madrid :
Nombre del editor, distribuidor, etc. Revista de Occidente,
Fecha de publicación, distribución, etc. [ca. 1930] (
Fabricante Tall. Espasa-Calpe)
300 ## - DESCRIPCIÓN FÍSICA
Extensión 289 p. ;
Dimensiones 23 cm.
594 ## - Nota al título y mención de responsabilidad
Nota al título y mención de responsabilidad Recoge las conferencias que el autor dictó en 1929, en varias ciudades de América Latina.
651 #4 - PUNTO DE ACCESO ADICIONAL DE MATERIA--NOMBRE GEOGRÁFICO
Nombre geográfico América Latina-
Subdivisión general Civilización-
Subdivisión cronológica S.XX.
9 (RLIN) 7744
651 #4 - PUNTO DE ACCESO ADICIONAL DE MATERIA--NOMBRE GEOGRÁFICO
Nombre geográfico América Latina-
Subdivisión general Descripción
9 (RLIN) 7745
651 #4 - PUNTO DE ACCESO ADICIONAL DE MATERIA--NOMBRE GEOGRÁFICO
Nombre geográfico América Latina-
Subdivisión general Situación social
9 (RLIN) 7766
852 ## - LOCALIZACIÓN
Ubicación ES-MaACL
Número de control de estantería B-3481
852 ## - LOCALIZACIÓN
Ubicación ES-MaACL
Número de control de estantería L-32195
Nota libre - Donat. herederos de la bibl. de Mª del Pilar Costa Palacín
Holdings
Estatus retirado Estado de pérdida Estado de daño No para préstamo Biblioteca de origen Biblioteca actual Ubicación en estantería Fecha de adquisición Fuente de adquisición Total de préstamos Signatura topográfica completa Código de barras Visto por última vez Precio de reemplazo Tipo de ítem Koha
        Biblioteca del Ateneo de Madrid Biblioteca del Ateneo de Madrid Depósito 2 03/08/2018     L-32195 1199177 23/02/2023 23/02/2023 Libro impreso
        Biblioteca del Ateneo de Madrid Biblioteca del Ateneo de Madrid Sala Pardo Bazán 17/01/2008     B-3481 1068139 23/02/2023 23/02/2023 Libro impreso